[Event "Nuremberg LGA Cup 5th"]
[Site "Nuremberg"]
[Date "2008.09.05"]
[Round "2"]
[White "Mainka, Romuald"]
[Black "Struk, Jerzy"]
[Result "1/2-1/2"]
[WhiteElo "2480"]
[BlackElo "2164"]
[PlyCount "60"]
[EventDate "2008.09.04"]
[EventType "swiss"]
[EventRounds "7"]
[EventCountry "GER"]
[SourceTitle "CBM 126 Extra"]
[Source "ChessBase"]
[SourceDate "2008.11.05"]
[SourceVersion "1"]
[SourceVersionDate "2008.11.05"]
[SourceQuality "1"]

1. e4 Nf6 2. e5 Nd5 3. d4 d6 4. Nf3 dxe5 5. Nxe5 g6 6. Bc4 c6 7. 0-0 Bg7 8. Re1 0-0 9. c3 Nd7 10. Nxd7 Qxd7 11. Bg5 e6 12. Nd2 b6 13. Nf3 Bb7 14. Bb3 Qc7 15. Qd2 c5 16. dxc5 Qxc5 17. Bh6 Rad8 18. Bxg7 Kxg7 19. Nd4 Qe7 20. Re5 Qf6 21. Rae1 a6 22. a4 Rd6 23. Bd1 Ne7 24. Qe3 Rfd8 25. Bg4 Nc6 26. Nxc6 Bxc6 27. a5 bxa5 28. Rxa5 Bb5 29. Raa1 Rd2 30. Rad1 Rxb2 1/2-1/2

[Event "Berlin Lichtenberger op 7th"]
[Site "Berlin"]
[Date "2008.08.16"]
[Round "1"]
[White "Struk, Jerzy"]
[Black "Voelker, Thomas"]
[Result "1-0"]
[WhiteElo "2164"]
[BlackElo "1766"]
[PlyCount "56"]
[EventDate "2008.08.16"]
[EventType "swiss"]
[EventRounds "9"]
[EventCountry "GER"]
[SourceTitle "CBM 126 Extra"]
[Source "ChessBase"]
[SourceDate "2008.11.05"]
[SourceVersion "1"]
[SourceVersionDate "2008.11.05"]
[SourceQuality "1"]

1. e4 c5 2. Nf3 Nc6 3. c3 d5 4. exd5 Qxd5 5. d4 Bg4 6. Be2 e6 7. 0-0 Nf6 8. Be3 cxd4 9. cxd4 Be7 10. Nc3 Qd6 11. h3 Bh5 12. Qb3 Qb4 13. Qc2 0-0 14. a3 Qd6 15. Qb3 a6 16. Rfd1 Rfd8 17. Rac1 b5 18. Rd2 Rac8 19. Qd1 Nd5 20. Nxd5 exd5 21. Rdc2 Qe6 22. b4 Na7 23. Rc7 Rxc7 24. Rxc7 Rd7 25. Qc1 Bd6 26. Rc3 Rd8 27. Ng5 Bh2+ 28. Kxh2 Qd6+ 1-0

[Event "Goch op 18th"]
[Site "Goch"]
[Date "2007.10.07"]
[Round "6"]
[White "Struk, Jerzy"]
[Black "Harff, Marcel"]
[Result "1/2-1/2"]
[WhiteElo "2229"]
[BlackElo "2137"]
[PlyCount "54"]
[EventDate "2007.10.04"]
[EventType "swiss"]
[EventRounds "7"]
[EventCountry "GER"]
[SourceTitle "EXT 2011"]
[Source "ChessBase"]
[SourceDate "2010.11.26"]
[SourceVersion "1"]
[SourceVersionDate "2010.11.26"]
[SourceQuality "1"]

1. e4 e6 2. d4 d5 3. Nc3 Bb4 4. e5 c5 5. a3 Bxc3+ 6. bxc3 Qc7 7. Nf3 Nc6 8. Be2 Nge7 9. a4 0-0 10. 0-0 b6 11. Qd3 cxd4 12. cxd4 Nb4 13. Qb3 Ba6 14. Bxa6 Nxa6 15. Ba3 Rfe8 16. Qd3 Nb8 17. Rfc1 Nd7 18. c4 Qb7 19. Ng5 Ng6 20. Qf3 Ndf8 21. cxd5 exd5 22. Bxf8 Nxf8 23. Rc3 Rac8 24. Rac1 Rxc3 25. Qxc3 h6 26. Nf3 Ne6 27. g3 Re7 1/2-1/2

[Event "Goch op 18th"]
[Site "Goch"]
[Date "2007.10.06"]
[Round "5"]
[White "Diez, Gerhard"]
[Black "Struk, Jerzy"]
[Result "1/2-1/2"]
[WhiteElo "2067"]
[BlackElo "2229"]
[PlyCount "57"]
[EventDate "2007.10.04"]
[EventType "swiss"]
[EventRounds "7"]
[EventCountry "GER"]
[SourceTitle "EXT 2011"]
[Source "ChessBase"]
[SourceDate "2010.11.26"]
[SourceVersion "1"]
[SourceVersionDate "2010.11.26"]
[SourceQuality "1"]

1. e4 c5 2. Nf3 Nc6 3. d4 cxd4 4. Nxd4 e5 5. Nb5 d6 6. a4 Nf6 7. N1c3 a6 8. Na3 Be7 9. Bg5 Be6 10. Bxf6 Bxf6 11. Bc4 0-0 12. 0-0 Rc8 13. Bd5 Na5 14. Na2 Qd7 15. b3 Rc7 16. Qd2 b6 17. Rfd1 Be7 18. Nb4 Ra7 19. Qe3 Rb8 20. Qd3 Qc8 21. h3 Bf8 22. c4 Bd7 23. Nbc2 Nc6 24. Nb1 Ne7 25. Nc3 Ng6 26. Ne2 Rc7 27. Ne3 Nh4 28. Nf1 Ng6 29. Ne3 1/2-1/2

[Event "Vlissingen HZ op 11th"]
[Site "Vlissingen"]
[Date "2007.08.06"]
[Round "4"]
[White "Struk, Jerzy"]
[Black "Sonder, Peter"]
[Result "1-0"]
[WhiteElo "2240"]
[BlackElo "2074"]
[PlyCount "87"]
[EventDate "2007.08.04"]
[EventType "swiss"]
[EventRounds "9"]
[EventCountry "NED"]
[SourceTitle "CBM 119 Extra"]
[Source "ChessBase"]
[SourceDate "2007.09.04"]
[SourceVersion "1"]
[SourceVersionDate "2007.09.04"]
[SourceQuality "1"]

1. e4 c5 2. Nf3 Nc6 3. c3 Nf6 4. e5 Nd5 5. d4 cxd4 6. Bc4 Nb6 7. Bb3 d5 8. exd6 Qxd6 9. 0-0 Be6 10. Na3 Bxb3 11. Qxb3 e6 12. Nb5 Qd8 13. Nbxd4 Nxd4 14. Nxd4 Be7 15. Rd1 Qc7 16. Qb5+ Nd7 17. Nf3 Rd8 18. Qa4 a6 19. Bf4 Qc6 20. Qxc6 bxc6 21. Rd4 f6 22. Rc4 e5 23. Be3 Rc8 24. Ra4 Nb8 25. Ba7 0-0 26. b3 Rfd8 27. Bxb8 Rxb8 28. Rxa6 Rbc8 29. Kf1 Rd3 30. Rc1 e4 31. Nd4 Kf7 32. Rxc6 Rxc6 33. Nxc6 Bd6 34. Ke2 Bf4 35. Rc2 h5 36. g3 Bc7 37. Rd2 Bb6 38. Rxd3 exd3+ 39. Kxd3 Bxf2 40. a4 g5 41. a5 f5 42. a6 f4 43. gxf4 g4 44. Ne5+ 1-0

[Event "Kaupthing op-A 1st"]
[Site "Differdange"]
[Date "2007.07.12"]
[Round "7"]
[White "Zienkiewicz, Alexandre"]
[Black "Struk, Jerzy"]
[Result "1/2-1/2"]
[WhiteElo "2037"]
[BlackElo "2240"]
[PlyCount "77"]
[EventDate "2007.07.07"]
[EventType "swiss"]
[EventRounds "9"]
[EventCountry "LUX"]
[SourceTitle "CBM 119 Extra"]
[Source "ChessBase"]
[SourceDate "2007.09.04"]
[SourceVersion "1"]
[SourceVersionDate "2007.09.04"]
[SourceQuality "1"]

1. d4 d5 2. Nf3 Nf6 3. c4 e6 4. g3 Be7 5. Bg2 0-0 6. 0-0 dxc4 7. Qc2 a6 8. Qxc4 b5 9. Qc2 Bb7 10. Bd2 Be4 11. Qc1 b4 12. Bg5 Nbd7 13. Nbd2 Bb7 14. Nb3 a5 15. Rd1 Ra7 16. Bxf6 Bxf6 17. Qf4 a4 18. Nc5 Nxc5 19. dxc5 Qa8 20. Rab1 b3 21. axb3 axb3 22. Ne1 Bxg2 23. Nxg2 Qc6 24. Qc4 Rb8 25. Ne1 Ra4 26. Qc1 h5 27. h3 Qe4 28. Qe3 Qxe3 29. fxe3 Rc4 30. Nd3 Bg5 31. Kf2 h4 32. gxh4 Bxh4+ 33. Kf3 Bf6 34. e4 g6 35. Rbc1 Ra4 36. Ra1 Rba8 37. Rxa4 Rxa4 38. Rc1 Kf8 39. e5 1/2-1/2

[Event "Kaupthing op-A 1st"]
[Site "Differdange"]
[Date "2007.07.09"]
[Round "4"]
[White "Struk, Jerzy"]
[Black "Nezar, Mustapha"]
[Result "0-1"]
[WhiteElo "2240"]
[BlackElo "2417"]
[PlyCount "52"]
[EventDate "2007.07.07"]
[EventType "swiss"]
[EventRounds "9"]
[EventCountry "LUX"]
[SourceTitle "CBM 119 Extra"]
[Source "ChessBase"]
[SourceDate "2007.09.04"]
[SourceVersion "1"]
[SourceVersionDate "2007.09.04"]
[SourceQuality "1"]

1. e4 e5 2. Nf3 Nc6 3. Bb5 a6 4. Ba4 Nf6 5. 0-0 Be7 6. Re1 b5 7. Bb3 0-0 8. h3 d6 9. c3 Na5 10. Bc2 c5 11. d4 Nd7 12. dxc5 dxc5 13. Nbd2 Bb7 14. Nf1 Re8 15. Qe2 Nc4 16. Ne3 Nd6 17. Nf5 Nxf5 18. exf5 Bf8 19. Ng5 Nf6 20. Ne4 Nd5 21. Rd1 Qb6 22. Be3 Rad8 23. b4 Qc6 24. Rxd5 Rxd5 25. bxc5 Bxc5 26. Nxc5 Rd1+ 0-1

[Event "Kaupthing op-A 1st"]
[Site "Differdange"]
[Date "2007.07.07"]
[Round "1"]
[White "Erdos, Viktor"]
[Black "Struk, Jerzy"]
[Result "1-0"]
[WhiteElo "2523"]
[BlackElo "2240"]
[PlyCount "60"]
[EventDate "2007.07.07"]
[EventType "swiss"]
[EventRounds "9"]
[EventCountry "LUX"]
[SourceTitle "CBM 119 Extra"]
[Source "ChessBase"]
[SourceDate "2007.09.04"]
[SourceVersion "1"]
[SourceVersionDate "2007.09.04"]
[SourceQuality "1"]

1. d4 d5 2. c4 e6 3. Nc3 Be7 4. Nf3 Nf6 5. Qc2 0-0 6. cxd5 exd5 7. Bg5 c6 8. e3 Nbd7 9. Bd3 Re8 10. h3 Nf8 11. 0-0 Ne4 12. Bf4 Bd6 13. Bxd6 Nxd6 14. b4 Qf6 15. Ne5 a6 16. a4 Ng6 17. Bxg6 hxg6 18. b5 Bf5 19. Qb3 c5 20. bxa6 bxa6 21. Nxd5 Qe6 22. Qa2 cxd4 23. exd4 Red8 24. Nc3 Qxa2 25. Rxa2 Rac8 26. d5 Ne4 27. Nc6 Rd7 28. Rc1 Nd6 29. f3 Kf8 30. g4 Re7 1-0

[Event "Stuttgart-ch"]
[Site "Gerlingen"]
[Date "2007.05.18"]
[Round "3"]
[White "Ovsejevitsch, Sergei"]
[Black "Struk, Jerzy"]
[Result "1-0"]
[WhiteElo "2551"]
[BlackElo "2265"]
[PlyCount "63"]
[EventDate "2007.05.17"]
[EventType "swiss"]
[EventRounds "7"]
[EventCountry "GER"]
[SourceTitle "CBM 118 Extra"]
[Source "ChessBase"]
[SourceDate "2007.07.04"]
[SourceVersion "1"]
[SourceVersionDate "2007.07.04"]
[SourceQuality "1"]

1. d4 Nf6 2. c4 e6 3. Nc3 d5 4. cxd5 exd5 5. Bg5 Be7 6. e3 Nbd7 7. Bd3 c6 8. Nf3 0-0 9. Qc2 Re8 10. h3 Ne4 11. Bf4 Nf8 12. Nxe4 dxe4 13. Bxe4 Qa5+ 14. Kf1 Bf6 15. g4 Rxe4 16. Qxe4 Be6 17. Qc2 Re8 18. e4 Qa6+ 19. Kg2 Bc4 20. Rhd1 Ng6 21. Bg3 Be2 22. Rd2 Bxf3+ 23. Kxf3 Rd8 24. d5 Bg5 25. Rdd1 Rc8 26. Kg2 h6 27. e5 Re8 28. dxc6 bxc6 29. Rd6 Nxe5 30. Re1 Qa5 31. b4 Qxb4 32. Rxe5 1-0

[Event "Metz op 25th"]
[Site "Metz"]
[Date "2007.04.18"]
[Round "5"]
[White "Struk, Jerzy"]
[Black "Marholev, Dimitar"]
[Result "0-1"]
[WhiteElo "2265"]
[BlackElo "2375"]
[PlyCount "126"]
[EventDate "2007.04.14"]
[EventType "swiss"]
[EventRounds "9"]
[EventCountry "FRA"]
[SourceTitle "CBM 117 Extra"]
[Source "ChessBase"]
[SourceDate "2007.05.09"]
[SourceVersion "1"]
[SourceVersionDate "2007.05.09"]
[SourceQuality "1"]

1. e4 e5 2. Nf3 Nc6 3. Bb5 a6 4. Ba4 Nf6 5. 0-0 b5 6. Bb3 Bc5 7. Re1 0-0 8. a4 Rb8 9. axb5 axb5 10. d3 d6 11. Bg5 h6 12. Be3 Bg4 13. Bxc5 dxc5 14. c3 Qd6 15. h3 Be6 16. Bxe6 Qxe6 17. d4 cxd4 18. cxd4 Nxd4 19. Nxd4 exd4 20. Qxd4 Rbd8 21. Qb4 Qb6 22. Na3 c6 23. Rac1 Rfe8 24. e5 Nd5 25. Qe4 f6 26. Qc2 Re6 27. exf6 Rxf6 28. Re2 Nf4 29. Rd2 Re8 30. Rcd1 Rg6 31. Qb3+ Kh7 32. Qf7 Qb8 33. g3 Nxh3+ 34. Kg2 Rf8 35. Qxg6+ Kxg6 36. Kxh3 Qc8+ 37. Kg2 Qf5 38. f4 Qe4+ 39. Kf2 Kh7 40. Nc2 Qf5 41. Nd4 Qf6 42. Nf3 c5 43. Re2 Rd8 44. Rxd8 Qxd8 45. Rd2 Qb6 46. Ne5 c4+ 47. Kf3 Qb7+ 48. Kg4 Qe4 49. Rd8 b4 50. Rc8 c3 51. bxc3 b3 52. Rb8 Qe2+ 53. Kf5 b2 54. Ke6 Qa6+ 55. Kd5 Qa2+ 56. c4 b1Q 57. Rxb1 Qxb1 58. c5 Qb3+ 59. Kd6 Qxg3 60. c6 Qxf4 61. c7 Qd4+ 62. Ke6 Qc5 63. Kd7 Qd5+ 0-1

[Event "Cannes op"]
[Site "Cannes"]
[Date "2007.02.24"]
[Round "8"]
[White "Struk, Jerzy"]
[Black "Flear, Christine"]
[Result "1/2-1/2"]
[WhiteElo "2260"]
[BlackElo "2160"]
[PlyCount "89"]
[EventDate "2007.02.18"]
[EventType "swiss"]
[EventRounds "9"]
[EventCountry "FRA"]
[SourceTitle "CBM 116 Extra"]
[Source "ChessBase"]
[SourceDate "2007.03.07"]
[SourceVersion "1"]
[SourceVersionDate "2007.03.07"]
[SourceQuality "1"]

1. e4 c5 2. Nf3 Nc6 3. c3 Nf6 4. e5 Nd5 5. d4 cxd4 6. Bc4 Nb6 7. Bb3 d5 8. exd6 Qxd6 9. 0-0 Be6 10. Na3 Bxb3 11. Qxb3 e6 12. Nb5 Qb8 13. Nbxd4 Be7 14. a4 Nxd4 15. Nxd4 0-0 16. a5 Nc8 17. Be3 a6 18. Rfd1 Qc7 19. Ra4 Kh8 20. Nf3 Na7 21. Bb6 Qc8 22. Rad4 Nc6 23. Rd7 Bf6 24. Rc7 Qe8 25. Rxb7 Rb8 26. Bc7 Rc8 27. Qb6 Bd8 28. Bxd8 Rxd8 29. Re1 Rd5 30. Qxa6 Nxa5 31. Ra7 Qd8 32. b4 Nb3 33. Qa2 Nc1 34. Qc2 Nd3 35. Rea1 Qc8 36. Qb3 Nf4 37. c4 Rd3 38. Qc2 Rc3 39. Qd2 Rxc4 40. Ne5 Rd4 41. Qb2 f6 42. Nf3 Rc4 43. b5 Nd5 44. h3 Rb4 45. Qe2 1/2-1/2

[Event "Cannes op"]
[Site "Cannes"]
[Date "2007.02.22"]
[Round "6"]
[White "Neiman, Emmanuel"]
[Black "Struk, Jerzy"]
[Result "1/2-1/2"]
[WhiteElo "2358"]
[BlackElo "2260"]
[PlyCount "119"]
[EventDate "2007.02.18"]
[EventType "swiss"]
[EventRounds "9"]
[EventCountry "FRA"]
[SourceTitle "CBM 116 Extra"]
[Source "ChessBase"]
[SourceDate "2007.03.07"]
[SourceVersion "1"]
[SourceVersionDate "2007.03.07"]
[SourceQuality "1"]

1. d4 d5 2. c4 e6 3. Nf3 Nf6 4. g3 Be7 5. Bg2 0-0 6. 0-0 dxc4 7. Qc2 a6 8. Qxc4 b5 9. Qc2 Bb7 10. Bd2 Be4 11. Qc1 b4 12. Bf4 Bd6 13. Nbd2 Bxf4 14. gxf4 Bd5 15. Qc2 Nbd7 16. Rfc1 Ra7 17. e4 Ba8 18. Qd3 Nh5 19. Qe3 Qf6 20. Ne5 c5 21. Ndf3 cxd4 22. Qxd4 Nxf4 23. Qxa7 Nxe5 24. Qe3 Ng4 25. Qe1 Nd3 26. Qe2 Nxc1 27. Rxc1 Qf4 28. Rc4 a5 29. Qc2 Qb8 30. Rc5 h6 31. h3 Nf6 32. Ne5 Rd8 33. Rc7 Rf8 34. Qc5 Bxe4 35. Nxf7 Bxg2 36. Qe7 Qxc7 37. Qxc7 Rxf7 38. Qc8+ Rf8 39. Qxe6+ Kh8 40. Kxg2 Rd8 41. Qe5 Rd5 42. Qc7 Kh7 43. Qc8 Kg6 44. Kf3 Kf7 45. Ke3 Kg6 46. f4 Kh7 47. f5 Ng8 48. Qe6 Nf6 49. Kf4 Rd4+ 50. Kf3 Rd3+ 51. Ke2 Rd4 52. Qc8 Rd5 53. Qe6 Rd4 54. Ke3 Rd5 55. Qc8 Ng8 56. Kf4 Nf6 57. Qf8 Rb5 58. Qc8 Rd5 59. Qc6 Kg8 60. Qc8+ 1/2-1/2

[Event "Ditzingen op-A"]
[Site "Ditzingen"]
[Date "2006.05.27"]
[Round "6.4"]
[White "Mutschnik, Illya"]
[Black "Struk, Jerzy"]
[Result "1/2-1/2"]
[WhiteElo "2426"]
[BlackElo "2266"]
[PlyCount "58"]
[EventDate "2006.05.25"]
[EventType "swiss"]
[EventRounds "7"]
[EventCountry "GER"]
[SourceTitle "CBM 112 Extra"]
[Source "ChessBase"]
[SourceDate "2006.07.14"]
[SourceVersion "1"]
[SourceVersionDate "2006.07.14"]
[SourceQuality "1"]

1. e4 c5 2. Nf3 Nc6 3. d4 cxd4 4. Nxd4 e5 5. Nb5 d6 6. N1c3 a6 7. Na3 b5 8. Nd5 Nce7 9. Bg5 h6 10. Bxb5+ axb5 11. Nxb5 Ra7 12. Nxa7 Qa5+ 13. Qd2 Qxa7 14. Be3 Qb8 15. Nxe7 Bxe7 16. b3 Nf6 17. f3 Be6 18. 0-0 d5 19. exd5 Nxd5 20. c4 Nxe3 21. Qxe3 Ba3 22. Rad1 0-0 23. f4 exf4 24. Qxf4 Qa8 25. Kh1 Qa5 26. Rf2 Re8 27. h3 Qa8 28. Qf3 Qa7 29. Rfd2 Qa5 1/2-1/2

[Event "Stuttgart-chA int"]
[Site "Ditzingen"]
[Date "2006.05.25"]
[Round "1"]
[White "Struk, Jerzy"]
[Black "Kracke, Moritz"]
[Result "1-0"]
[WhiteElo "2266"]
[BlackElo "1987"]
[PlyCount "113"]
[EventDate "2006.05.25"]
[EventType "swiss"]
[EventRounds "7"]
[EventCountry "GER"]
[SourceTitle "EXT 2018"]
[Source "ChessBase"]
[SourceDate "2017.10.13"]
[SourceVersion "1"]
[SourceVersionDate "2017.10.13"]
[SourceQuality "1"]

1. e4 c5 2. Nf3 Nc6 3. c3 d5 4. exd5 Qxd5 5. d4 Nf6 6. Be2 cxd4 7. cxd4 e6 8. Nc3 Qd6 9. 0-0 Be7 10. Nb5 Qd8 11. Bd3 0-0 12. Bg5 a6 13. Nc3 b5 14. a3 Bb7 15. Rc1 Qb6 16. Ne4 Nd5 17. Nc5 Rac8 18. Nd7 Qa7 19. Bxe7 Ncxe7 20. Nxf8 Rxf8 21. Ne5 Nf5 22. Rc7 Nfe3 23. Rxb7 Qxb7 24. Be4 Qa7 25. Kh1 Nf6 26. Bf3 Rc8 27. Nc6 Qd7 28. Qb3 Ned5 29. Rc1 Rc7 30. a4 bxa4 31. Qxa4 Qc8 32. h3 h6 33. b4 Qb7 34. Rc5 Nd7 35. Ne7+ Kf8 36. Rxc7 Qxc7 37. Nxd5 exd5 38. g3 Qb7 39. Be2 Nb8 40. Qa5 Kg8 41. Bf3 Qd7 42. Bxd5 Qxh3+ 43. Kg1 Qd7 44. Qc5 Qe8 45. Bf3 Qb5 46. d5 Nd7 47. Qc8+ Kh7 48. d6 Nf6 49. Qc5 Qd7 50. Bc6 Qg4 51. Kg2 g6 52. Qe5 Qc4 53. Bf3 Nd7 54. Qe7 Qe6 55. Bc6 Nb8 56. Qxe6 fxe6 57. Ba4 1-0

[Event "Metz op 24th"]
[Site "Metz"]
[Date "2006.04.30"]
[Round "9"]
[White "Meijers, Viesturs"]
[Black "Struk, Jerzy"]
[Result "1-0"]
[WhiteElo "2482"]
[BlackElo "2266"]
[PlyCount "101"]
[EventDate "2006.04.22"]
[EventType "swiss"]
[EventRounds "9"]
[EventCountry "FRA"]
[SourceTitle "EXT 2007"]
[Source "ChessBase"]
[SourceDate "2006.11.23"]
[SourceVersion "1"]
[SourceVersionDate "2006.11.23"]
[SourceQuality "1"]

1. e4 c5 2. Nf3 Nc6 3. d4 cxd4 4. Nxd4 e5 5. Nb5 d6 6. c4 Be7 7. N1c3 a6 8. Na3 Be6 9. Be2 Bg5 10. 0-0 Bxc1 11. Rxc1 Nf6 12. Qd2 0-0 13. Rfd1 Nd4 14. Nc2 Nxe2+ 15. Qxe2 Rc8 16. Ne3 Qc7 17. b3 Rfd8 18. h3 h6 19. Rc2 Kf8 20. Rd3 Qa5 21. Qd1 Rc6 22. Rcd2 Nd7 23. Ncd5 Bxd5 24. Rxd5 Nc5 25. Rxd6 Rdxd6 26. Rxd6 Rxd6 27. Qxd6+ Kg8 28. Qxe5 Qe1+ 29. Kh2 Nd3 30. Qe8+ Kh7 31. Qxf7 Nxf2 32. Qf3 Nd3 33. Nd5 Qd2 34. e5 Nxe5 35. Qe4+ Ng6 36. h4 Qb2 37. Nf4 Qf6 38. g3 h5 39. b4 Kh6 40. Qxg6+ Qxg6 41. Nxg6 Kxg6 42. Kg2 Kf5 43. Kf3 Ke5 44. Ke3 Kf5 45. a4 g5 46. hxg5 Kxg5 47. c5 Kg4 48. b5 axb5 49. axb5 Kxg3 50. c6 bxc6 51. bxc6 1-0

[Event "Metz op 24th"]
[Site "Metz"]
[Date "2006.04.29"]
[Round "8"]
[White "Struk, Jerzy"]
[Black "Migot, Tangi"]
[Result "1-0"]
[WhiteElo "2266"]
[BlackElo "1946"]
[PlyCount "81"]
[EventDate "2006.04.22"]
[EventType "swiss"]
[EventRounds "9"]
[EventCountry "FRA"]
[SourceTitle "EXT 2007"]
[Source "ChessBase"]
[SourceDate "2006.11.23"]
[SourceVersion "1"]
[SourceVersionDate "2006.11.23"]
[SourceQuality "1"]

1. e4 d6 2. d4 Nf6 3. Nc3 g6 4. Nf3 Bg7 5. Be2 0-0 6. 0-0 c6 7. Bg5 h6 8. Bh4 Nbd7 9. Qd2 Kh7 10. Rad1 Qc7 11. a4 e5 12. dxe5 dxe5 13. Qd6 Qd8 14. Rd2 Re8 15. Bc4 Qe7 16. a5 Nc5 17. Bxf7 Qxf7 18. Qxc5 Bf8 19. Qe3 Ng4 20. Qe2 Be6 21. Rfd1 Bc4 22. Qe1 Nf6 23. Bg3 Qc7 24. h3 Qxa5 25. Bh4 g5 26. Bg3 Qc7 27. h4 g4 28. Nd4 Qb6 29. Nf5 Qc7 30. Qe3 Be6 31. Nd6 Bxd6 32. Rxd6 Nd7 33. Qd2 Re7 34. h5 Rae8 35. Qe3 Qb6 36. Rxe6 Qxe3 37. Rxe7+ Rxe7 38. fxe3 Rf7 39. Ra1 a6 40. b3 c5 41. Rd1 1-0